000 00631nam a22002057a 4500
999 _c15390
_d15390
003 AR-CdUCM
008 190427b ||||| |||| 00| 0 spa d
020 _a978-607-404-677-9
040 _aMUNICIPALIDAD PROVINCIAL DEL CUSCO
_cBIBLIOTECA MUNICIPAL DEL CUSCO
082 _aEP / 919 /
_bF23
100 _aFarndon, John
_934447
245 _aLa historia del mundo /
260 _aMéxico :
_bSilver dolphin,
_c2014.
300 _a511 páginas ;
_bIlustraciones,
_c22 cm.
650 _aLiteratura infantil
_9588
650 _aHistoria
_9136
700 _aParker, Victoria
_932234
942 _2ddc
_cLIBROS
945 _aacv
_d2019-04-27